[Event "DEM U12w 2025"]
[Site "Willingen GER"]
[Date "2025.06.14"]
[Round "9"]
[White "Huang, Flora Yueya"]
[Black "Bayer, Klara"]
[Result "1/2-1/2"]
[Termination "normal"]
[Board "1"]
[WhiteElo "1652"]
[BlackElo "1678"]
[WhiteClock "00:23:11"]
[BlackClock "00:18:34"]
[PlyCount "104"]
[WhiteFideId "533015651"]
[BlackFideId "34658955"]
[EventCountry "GER"]
[EventRounds "9"]
[EventType "swiss"]
[EventDate "2025.06.07"]

1. d4 {[%clk 01:30:59]} {[%emt 00:00:01]} d5 {[%clk 01:30:52]} {[%emt
00:00:08]} 2. c4 {[%clk 01:31:24]} {[%emt 00:00:05]} dxc4 {[%clk 01:31:15]}
{[%emt 00:00:06]} 3. Nf3 {[%clk 01:31:49]} {[%emt 00:00:05]} Nf6 {[%clk
01:31:09]} {[%emt 00:00:36]} 4. e3 {[%clk 01:32:12]} {[%emt 00:00:08]} e6
{[%clk 01:31:25]} {[%emt 00:00:13]} 5. Bxc4 {[%clk 01:32:23]} {[%emt 00:00:20]}
c5 {[%clk 01:31:31]} {[%emt 00:00:24]} 6. O-O {[%clk 01:32:42]} {[%emt
00:00:11]} Nc6 {[%clk 01:31:49]} {[%emt 00:00:12]} 7. Nc3 {[%clk 01:33:02]}
{[%emt 00:00:10]} a6 {[%clk 01:31:21]} {[%emt 00:00:57]} 8. a4 {[%clk
01:31:01]} {[%emt 00:02:31]} cxd4 {[%clk 01:31:19]} {[%emt 00:00:33]} 9. exd4
{[%clk 01:31:21]} {[%emt 00:00:11]} Be7 {[%clk 01:29:39]} {[%emt 00:02:09]} 10.
Bf4 {[%clk 01:27:05]} {[%emt 00:04:46]} O-O {[%clk 01:28:52]} {[%emt 00:01:16]}
11. Qd2 {[%clk 01:26:01]} {[%emt 00:01:35]} Nb4 {[%clk 01:27:55]} {[%emt
00:01:26]} 12. Rad1 {[%clk 01:24:22]} {[%emt 00:02:09]} Nbd5 {[%clk 01:27:41]}
{[%emt 00:00:45]} 13. Nxd5 {[%clk 01:17:10]} {[%emt 00:07:42]} Nxd5 {[%clk
01:28:03]} {[%emt 00:00:08]} 14. Bg3 {[%clk 01:15:29]} {[%emt 00:02:12]} Bf6
{[%clk 01:26:35]} {[%emt 00:01:57]} 15. Be5 {[%clk 01:15:18]} {[%emt 00:00:40]}
Be7 {[%clk 01:17:06]} {[%emt 00:09:59]} 16. Qc2 {[%clk 01:10:35]} {[%emt
00:05:13]} Qa5 {[%clk 01:08:27]} {[%emt 00:09:09]} 17. Bd3 {[%clk 00:58:39]}
{[%emt 00:12:27]} h6 {[%clk 01:08:19]} {[%emt 00:00:37]} 18. Bh7+ {[%clk
00:57:26]} {[%emt 00:01:43]} Kh8 {[%clk 01:08:37]} {[%emt 00:00:12]} 19. Be4
{[%clk 00:56:06]} {[%emt 00:01:50]} Bd7 {[%clk 01:04:16]} {[%emt 00:04:51]} 20.
b3 {[%clk 00:53:00]} {[%emt 00:03:37]} Rac8 {[%clk 01:04:15]} {[%emt 00:00:30]}
21. Qd2 {[%clk 00:52:41]} {[%emt 00:00:50]} Qxd2 {[%clk 01:04:16]} {[%emt
00:00:29]} 22. Nxd2 {[%clk 00:51:21]} {[%emt 00:01:49]} Bc6 {[%clk 00:56:43]}
{[%emt 00:08:03]} 23. Bf3 {[%clk 00:43:18]} {[%emt 00:08:33]} Nc3 {[%clk
00:54:41]} {[%emt 00:02:32]} 24. Ra1 {[%clk 00:40:23]} {[%emt 00:03:25]} Bxf3
{[%clk 00:54:02]} {[%emt 00:01:09]} 25. Nxf3 {[%clk 00:40:45]} {[%emt
00:00:08]} Nd5 {[%clk 00:53:48]} {[%emt 00:00:44]} 26. Nd2 {[%clk 00:36:35]}
{[%emt 00:04:40]} Rc6 {[%clk 00:47:37]} {[%emt 00:06:39]} 27. Rac1 {[%clk
00:33:50]} {[%emt 00:03:18]} Rfc8 {[%clk 00:47:40]} {[%emt 00:00:26]} 28. Rxc6
{[%clk 00:32:07]} {[%emt 00:02:13]} Rxc6 {[%clk 00:47:51]} {[%emt 00:00:20]}
29. h3 {[%clk 00:29:28]} {[%emt 00:03:08]} Bb4 {[%clk 00:47:43]} {[%emt
00:00:38]} 30. Nc4 {[%clk 00:28:48]} {[%emt 00:01:11]} b5 {[%clk 00:46:59]}
{[%emt 00:01:13]} 31. axb5 {[%clk 00:29:05]} {[%emt 00:00:14]} axb5 {[%clk
00:47:20]} {[%emt 00:00:09]} 32. Ne3 {[%clk 00:29:29]} {[%emt 00:00:06]} Ne7
{[%clk 00:44:16]} {[%emt 00:03:33]} 33. Rd1 {[%clk 00:27:28]} {[%emt 00:02:31]}
Nd5 {[%clk 00:35:41]} {[%emt 00:09:06]} 34. Nxd5 {[%clk 00:27:46]} {[%emt
00:00:12]} exd5 {[%clk 00:36:05]} {[%emt 00:00:05]} 35. Rd3 {[%clk 00:28:02]}
{[%emt 00:00:14]} Rc3 {[%clk 00:36:15]} {[%emt 00:00:19]} 36. Re3 {[%clk
00:28:17]} {[%emt 00:00:16]} Kh7 {[%clk 00:32:28]} {[%emt 00:04:17]} 37. Kf1
{[%clk 00:28:31]} {[%emt 00:00:17]} f6 {[%clk 00:31:43]} {[%emt 00:01:14]} 38.
Bf4 {[%clk 00:28:39]} {[%emt 00:00:22]} Kg6 {[%clk 00:31:48]} {[%emt 00:00:25]}
39. Ke2 {[%clk 00:28:49]} {[%emt 00:00:20]} h5 {[%clk 00:29:50]} {[%emt
00:02:28]} 40. Rxc3 {[%clk 00:27:33]} {[%emt 00:01:46]} Bxc3 {[%clk 00:30:12]}
{[%emt 00:00:09]} 41. Be3 {[%clk 00:27:59]} {[%emt 00:00:03]} Kf5 {[%clk
00:30:27]} {[%emt 00:00:15]} 42. Kf3 {[%clk 00:28:24]} {[%emt 00:00:05]} Bb2
{[%clk 00:26:21]} {[%emt 00:04:36]} 43. g4+ {[%clk 00:28:09]} {[%emt 00:00:46]}
hxg4+ {[%clk 00:26:42]} {[%emt 00:00:08]} 44. hxg4+ {[%clk 00:28:35]} {[%emt
00:00:03]} Ke6 {[%clk 00:26:59]} {[%emt 00:00:14]} 45. Ke2 {[%clk 00:28:09]}
{[%emt 00:00:57]} f5 {[%clk 00:20:57]} {[%emt 00:06:31]} 46. Kf3 {[%clk
00:26:29]} {[%emt 00:02:10]} fxg4+ {[%clk 00:20:10]} {[%emt 00:01:18]} 47. Kxg4
{[%clk 00:26:53]} {[%emt 00:00:05]} Kf6 {[%clk 00:20:12]} {[%emt 00:00:29]} 48.
f4 {[%clk 00:26:03]} {[%emt 00:01:19]} g6 {[%clk 00:20:18]} {[%emt 00:00:24]}
49. Bf2 {[%clk 00:25:46]} {[%emt 00:00:47]} Bc3 {[%clk 00:20:01]} {[%emt
00:00:47]} 50. Bh4+ {[%clk 00:24:56]} {[%emt 00:01:19]} Kg7 {[%clk 00:20:18]}
{[%emt 00:00:13]} 51. Bf2 {[%clk 00:25:14]} {[%emt 00:00:13]} Kf6 {[%clk
00:18:24]} {[%emt 00:02:24]} 52. Be3 {[%clk 00:23:11]} {[%emt 00:02:33]} Bb2
{[%clk 00:18:34]} {[%emt 00:00:19]} 1/2-1/2

[Event "DEM U12w 2025"]
[Site "Willingen GER"]
[Date "2025.06.14"]
[Round "9"]
[White "Schirmbeck, Lilian"]
[Black "Artemenko, Isabella"]
[Result "1-0"]
[Termination "normal"]
[Board "2"]
[WhiteTitle "WCM"]
[WhiteElo "1712"]
[BlackElo "1652"]
[WhiteClock "00:30:02"]
[BlackClock "00:30:07"]
[PlyCount "112"]
[WhiteFideId "34620532"]
[BlackFideId "34639616"]
[EventCountry "GER"]
[EventRounds "9"]
[EventType "swiss"]
[EventDate "2025.06.07"]

1. d4 {[%clk 01:30:58]} {[%emt 00:00:02]} d5 {[%clk 01:30:57]} {[%emt
00:00:03]} 2. c4 {[%clk 01:31:23]} {[%emt 00:00:05]} e6 {[%clk 01:31:23]}
{[%emt 00:00:03]} 3. Nf3 {[%clk 01:31:48]} {[%emt 00:00:05]} Nf6 {[%clk
01:31:48]} {[%emt 00:00:06]} 4. g3 {[%clk 01:32:05]} {[%emt 00:00:13]} Be7
{[%clk 01:32:06]} {[%emt 00:00:11]} 5. Bg2 {[%clk 01:32:19]} {[%emt 00:00:16]}
O-O {[%clk 01:32:04]} {[%emt 00:00:32]} 6. O-O {[%clk 01:31:45]} {[%emt
00:01:05]} b6 {[%clk 01:31:47]} {[%emt 00:00:47]} 7. Qc2 {[%clk 01:27:54]}
{[%emt 00:04:20]} Bb7 {[%clk 01:28:53]} {[%emt 00:03:24]} 8. Nbd2 {[%clk
01:25:45]} {[%emt 00:02:40]} c5 {[%clk 01:26:19]} {[%emt 00:03:04]} 9. Rd1
{[%clk 01:19:59]} {[%emt 00:06:15]} Nbd7 {[%clk 01:23:01]} {[%emt 00:03:48]}
10. b3 {[%clk 01:13:19]} {[%emt 00:07:10]} Rc8 {[%clk 01:19:40]} {[%emt
00:03:51]} 11. a4 {[%clk 01:09:29]} {[%emt 00:04:20]} Qc7 {[%clk 01:13:00]}
{[%emt 00:07:10]} 12. Ba3 {[%clk 01:06:48]} {[%emt 00:03:12]} Rfe8 {[%clk
01:11:54]} {[%emt 00:01:36]} 13. Rac1 {[%clk 01:05:23]} {[%emt 00:01:54]} a6
{[%clk 01:03:18]} {[%emt 00:09:08]} 14. dxc5 {[%clk 00:52:49]} {[%emt
00:13:03]} bxc5 {[%clk 01:02:44]} {[%emt 00:01:04]} 15. e3 {[%clk 00:51:48]}
{[%emt 00:01:31]} h6 {[%clk 00:57:22]} {[%emt 00:05:51]} 16. Bb2 {[%clk
00:49:50]} {[%emt 00:02:29]} Red8 {[%clk 00:54:51]} {[%emt 00:03:01]} 17. Bc3
{[%clk 00:44:38]} {[%emt 00:05:42]} Bd6 {[%clk 00:44:10]} {[%emt 00:11:11]} 18.
Qb2 {[%clk 00:42:40]} {[%emt 00:02:28]} Bf8 {[%clk 00:36:41]} {[%emt 00:07:58]}
19. h3 {[%clk 00:33:14]} {[%emt 00:09:56]} Qd6 {[%clk 00:29:45]} {[%emt
00:07:26]} 20. Ba5 {[%clk 00:30:44]} {[%emt 00:03:00]} Re8 {[%clk 00:25:27]}
{[%emt 00:04:48]} 21. cxd5 {[%clk 00:20:14]} {[%emt 00:11:00]} exd5 {[%clk
00:25:23]} {[%emt 00:00:34]} 22. Ne1 {[%clk 00:13:27]} {[%emt 00:07:17]} Ne5
{[%clk 00:17:39]} {[%emt 00:08:14]} 23. e4 {[%clk 00:12:17]} {[%emt 00:01:40]}
d4 {[%clk 00:17:43]} {[%emt 00:00:27]} 24. f4 {[%clk 00:12:11]} {[%emt
00:00:36]} Nc6 {[%clk 00:17:35]} {[%emt 00:00:38]} 25. Bb6 {[%clk 00:08:26]}
{[%emt 00:04:15]} Nd7 {[%clk 00:17:39]} {[%emt 00:00:26]} 26. Nc4 {[%clk
00:04:57]} {[%emt 00:03:58]} Qg6 {[%clk 00:16:53]} {[%emt 00:01:15]} 27. Kh2
{[%clk 00:03:07]} {[%emt 00:02:22]} Nf6 {[%clk 00:16:48]} {[%emt 00:00:35]} 28.
f5 {[%clk 00:02:28]} {[%emt 00:01:08]} Qh7 {[%clk 00:16:09]} {[%emt 00:01:09]}
29. Qb1 {[%clk 00:01:00]} {[%emt 00:01:58]} Nd7 {[%clk 00:14:31]} {[%emt
00:02:07]} 30. Nd3 {[%clk 00:00:42]} {[%emt 00:00:49]} Nce5 {[%clk 00:14:31]}
{[%emt 00:00:31]} 31. Ncxe5 {[%emt 00:00:37]} Nxb6 {[%clk 00:14:17]} {[%emt
00:00:42]} 32. a5 {[%clk 00:00:53]} {[%emt 00:00:14]} Bd6 {[%clk 00:14:36]}
{[%emt 00:00:11]} 33. Nxf7 {[%clk 00:00:37]} {[%emt 00:00:46]} Kxf7 {[%clk
00:14:47]} {[%emt 00:00:18]} 34. axb6 {[%clk 00:00:36]} {[%emt 00:00:31]} h5
{[%clk 00:01:29]} {[%emt 00:13:49]} 35. h4 {[%clk 00:00:34]} {[%emt 00:00:32]}
Qh6 {[%clk 00:00:49]} {[%emt 00:01:10]} 36. Re1 {[%clk 00:00:43]} {[%emt
00:00:20]} Qf6 {[%clk 00:01:04]} {[%emt 00:00:15]} 37. Kh3 {[%clk 00:00:45]}
{[%emt 00:00:29]} Qd8 {[%clk 00:00:55]} {[%emt 00:00:38]} 38. Qc2 {[%clk
00:00:37]} {[%emt 00:00:39]} Qxb6 {[%clk 00:01:15]} {[%emt 00:00:10]} 39. e5
{[%clk 00:00:44]} {[%emt 00:00:22]} Bxg2+ {[%clk 00:01:40]} {[%emt 00:00:05]}
40. Qxg2 {[%clk 00:01:07]} {[%emt 00:00:08]} Be7 {[%clk 00:01:31]} {[%emt
00:00:39]} 41. Qd5+ {[%clk 00:00:31]} {[%emt 00:01:05]} Kf8 {[%clk 00:01:49]}
{[%emt 00:00:12]} 42. Nf4 {[%clk 00:00:52]} {[%emt 00:00:09]} Rc6 {[%clk
00:30:19]} {[%emt 00:02:00]} 43. Ng6+ {[%clk 00:27:03]} {[%emt 00:04:19]} Rxg6
{[%clk 00:30:44]} {[%emt 00:00:05]} 44. fxg6 {[%clk 00:27:28]} {[%emt
00:00:06]} Qxg6 {[%clk 00:30:39]} {[%emt 00:00:34]} 45. Rf1+ {[%clk 00:27:12]}
{[%emt 00:00:46]} Bf6 {[%clk 00:31:01]} {[%emt 00:00:08]} 46. Rf4 {[%clk
00:26:56]} {[%emt 00:00:46]} Rxe5 {[%clk 00:30:58]} {[%emt 00:00:33]} 47. Qxe5
{[%clk 00:27:19]} {[%emt 00:00:08]} Qg4+ {[%clk 00:31:20]} {[%emt 00:00:08]}
48. Kh2 {[%clk 00:26:49]} {[%emt 00:00:59]} Qd7 {[%clk 00:29:01]} {[%emt
00:02:50]} 49. Qxc5+ {[%clk 00:27:03]} {[%emt 00:00:16]} Kg8 {[%clk 00:28:42]}
{[%emt 00:00:48]} 50. Qc8+ {[%clk 00:27:27]} {[%emt 00:00:06]} Qxc8 {[%clk
00:29:07]} {[%emt 00:00:06]} 51. Rxc8+ {[%clk 00:27:53]} {[%emt 00:00:04]} Kh7
{[%clk 00:29:15]} {[%emt 00:00:21]} 52. Rxf6 {[%clk 00:28:19]} {[%emt
00:00:05]} gxf6 {[%clk 00:29:39]} {[%emt 00:00:06]} 53. Rd8 {[%clk 00:28:45]}
{[%emt 00:00:03]} Kg6 {[%clk 00:29:58]} {[%emt 00:00:11]} 54. Rxd4 {[%clk
00:29:11]} {[%emt 00:00:04]} Kf5 {[%clk 00:30:09]} {[%emt 00:00:19]} 55. Kg2
{[%clk 00:29:37]} {[%emt 00:00:05]} Ke5 {[%clk 00:30:17]} {[%emt 00:00:22]} 56.
Ra4 {[%clk 00:30:02]} {[%emt 00:00:05]} Kd5 {[%clk 00:30:07]} {[%emt 00:00:40]}
1-0

[Event "DEM U12w 2025"]
[Site "Willingen GER"]
[Date "2025.06.14"]
[Round "9"]
[White "Tu, Tiffany"]
[Black "Shynkar, Daria"]
[Result "0-1"]
[Termination "normal"]
[Board "3"]
[WhiteElo "1709"]
[BlackElo "1733"]
[WhiteClock "00:01:23"]
[BlackClock "00:56:06"]
[PlyCount "62"]
[WhiteFideId "34628576"]
[BlackFideId "34163212"]
[EventCountry "GER"]
[EventRounds "9"]
[EventType "swiss"]
[EventDate "2025.06.07"]

1. e4 {[%clk 01:30:58]} {[%emt 00:00:01]} c5 {[%clk 01:30:56]} {[%emt
00:00:04]} 2. Nf3 {[%clk 01:31:18]} {[%emt 00:00:10]} a6 {[%clk 01:31:23]}
{[%emt 00:00:04]} 3. d4 {[%clk 01:31:31]} {[%emt 00:00:16]} cxd4 {[%clk
01:31:47]} {[%emt 00:00:07]} 4. Nxd4 {[%clk 01:31:54]} {[%emt 00:00:07]} Nf6
{[%clk 01:32:12]} {[%emt 00:00:05]} 5. Nc3 {[%clk 01:31:24]} {[%emt 00:00:59]}
e5 {[%clk 01:32:38]} {[%emt 00:00:05]} 6. Nf3 {[%clk 01:31:31]} {[%emt
00:00:22]} Bb4 {[%clk 01:32:14]} {[%emt 00:00:55]} 7. Bc4 {[%clk 01:16:25]}
{[%emt 00:15:34]} d6 {[%clk 01:32:38]} {[%emt 00:00:07]} 8. O-O {[%clk
01:07:34]} {[%emt 00:09:22]} Qc7 {[%clk 01:32:53]} {[%emt 00:00:15]} 9. Qd3
{[%clk 01:06:37]} {[%emt 00:01:24]} Bxc3 {[%clk 01:33:05]} {[%emt 00:00:21]}
10. Qxc3 {[%clk 01:06:03]} {[%emt 00:01:03]} O-O {[%clk 01:25:51]} {[%emt
00:07:45]} 11. Qd3 {[%clk 00:59:03]} {[%emt 00:07:28]} b5 {[%clk 01:24:06]}
{[%emt 00:02:17]} 12. Bb3 {[%clk 00:55:19]} {[%emt 00:04:14]} Bb7 {[%clk
01:23:36]} {[%emt 00:01:00]} 13. Re1 {[%clk 00:54:26]} {[%emt 00:01:21]} Nbd7
{[%clk 01:21:59]} {[%emt 00:02:09]} 14. Nd2 {[%clk 00:47:02]} {[%emt 00:07:49]}
Nc5 {[%clk 01:21:26]} {[%emt 00:01:07]} 15. Qc3 {[%clk 00:45:20]} {[%emt
00:02:09]} Qb6 {[%clk 01:18:19]} {[%emt 00:03:40]} 16. Qf3 {[%clk 00:42:55]}
{[%emt 00:02:55]} Qc6 {[%clk 01:14:49]} {[%emt 00:04:00]} 17. Qg3 {[%clk
00:23:51]} {[%emt 00:19:33]} Nfxe4 {[%clk 01:13:07]} {[%emt 00:02:13]} 18. Nxe4
{[%clk 00:23:55]} {[%emt 00:00:26]} Nxe4 {[%clk 01:13:30]} {[%emt 00:00:07]}
19. Qg4 {[%clk 00:23:27]} {[%emt 00:00:56]} Kh8 {[%clk 01:10:33]} {[%emt
00:03:28]} 20. f4 {[%clk 00:17:00]} {[%emt 00:06:57]} f5 {[%clk 01:09:12]}
{[%emt 00:01:52]} 21. Qe2 {[%clk 00:14:23]} {[%emt 00:03:05]} Rf6 {[%clk
01:02:18]} {[%emt 00:07:26]} 22. Be3 {[%clk 00:13:11]} {[%emt 00:01:41]} Rg6
{[%clk 00:59:18]} {[%emt 00:03:32]} 23. Kf1 {[%clk 00:09:09]} {[%emt 00:04:29]}
Nf6 {[%clk 00:55:44]} {[%emt 00:04:06]} 24. g3 {[%clk 00:03:56]} {[%emt
00:05:43]} exf4 {[%clk 00:54:14]} {[%emt 00:02:00]} 25. Bg1 {[%clk 00:03:49]}
{[%emt 00:00:34]} fxg3 {[%clk 00:54:24]} {[%emt 00:00:23]} 26. hxg3 {[%clk
00:04:01]} {[%emt 00:00:17]} Rxg3 {[%clk 00:54:37]} {[%emt 00:00:19]} 27. Qh2
{[%clk 00:01:39]} {[%emt 00:02:49]} Rf3+ {[%clk 00:54:31]} {[%emt 00:00:38]}
28. Bf2 {[%clk 00:01:20]} {[%emt 00:00:48]} Ng4 {[%clk 00:54:50]} {[%emt
00:00:12]} 29. Qg2 {[%clk 00:00:46]} {[%emt 00:00:59]} Rxf2+ {[%clk 00:55:16]}
{[%emt 00:00:09]} 30. Qxf2 {[%clk 00:01:06]} {[%emt 00:00:10]} Nxf2 {[%clk
00:55:41]} {[%emt 00:00:05]} 31. Kxf2 {[%clk 00:01:23]} {[%emt 00:00:13]} Qf3+
{[%clk 00:56:06]} {[%emt 00:00:05]} 0-1

[Event "DEM U12w 2025"]
[Site "Willingen GER"]
[Date "2025.06.14"]
[Round "9"]
[White "Bohatyrova, Mariia"]
[Black "Klymenko, Maria"]
[Result "1-0"]
[Termination "normal"]
[Board "4"]
[WhiteElo "1721"]
[BlackElo "1728"]
[WhiteClock "00:02:49"]
[BlackClock "00:43:58"]
[PlyCount "157"]
[WhiteFideId "34165789"]
[BlackFideId "34620621"]
[EventCountry "GER"]
[EventRounds "9"]
[EventType "swiss"]
[EventDate "2025.06.07"]

1. Nf3 {[%clk 01:30:57]} {[%emt 00:00:03]} f5 {[%clk 01:30:51]} {[%emt
00:00:10]} 2. d4 {[%clk 01:31:19]} {[%emt 00:00:07]} e6 {[%clk 01:31:15]}
{[%emt 00:00:07]} 3. c4 {[%clk 01:31:29]} {[%emt 00:00:20]} b6 {[%clk
01:31:35]} {[%emt 00:00:09]} 4. Nc3 {[%clk 01:31:30]} {[%emt 00:00:29]} Bb4
{[%clk 01:31:52]} {[%emt 00:00:13]} 5. Bd2 {[%clk 01:19:43]} {[%emt 00:12:17]}
Nf6 {[%clk 01:31:46]} {[%emt 00:00:35]} 6. g3 {[%clk 01:02:13]} {[%emt
00:18:01]} Bb7 {[%clk 01:31:46]} {[%emt 00:00:30]} 7. Bg2 {[%clk 01:02:09]}
{[%emt 00:00:34]} O-O {[%clk 01:31:29]} {[%emt 00:00:47]} 8. O-O {[%clk
01:02:15]} {[%emt 00:00:23]} d6 {[%clk 01:30:25]} {[%emt 00:01:35]} 9. Qb3
{[%clk 00:40:46]} {[%emt 00:21:52]} Bxc3 {[%clk 01:29:21]} {[%emt 00:01:41]}
10. Bxc3 {[%clk 00:39:09]} {[%emt 00:02:07]} Ne4 {[%clk 01:28:45]} {[%emt
00:01:05]} 11. Rfd1 {[%clk 00:29:33]} {[%emt 00:10:03]} Nd7 {[%clk 01:27:55]}
{[%emt 00:01:24]} 12. Qc2 {[%clk 00:18:02]} {[%emt 00:12:00]} Nxc3 {[%clk
01:26:03]} {[%emt 00:02:23]} 13. Qxc3 {[%clk 00:17:49]} {[%emt 00:00:43]} Nf6
{[%clk 01:24:55]} {[%emt 00:01:38]} 14. b4 {[%clk 00:16:55]} {[%emt 00:01:23]}
Ne4 {[%clk 01:24:04]} {[%emt 00:01:22]} 15. Qb3 {[%clk 00:12:44]} {[%emt
00:04:33]} Qf6 {[%clk 01:20:28]} {[%emt 00:04:13]} 16. e3 {[%clk 00:05:48]}
{[%emt 00:07:25]} g5 {[%clk 01:17:45]} {[%emt 00:03:14]} 17. Rac1 {[%clk
00:01:27]} {[%emt 00:04:52]} f4 {[%clk 01:16:23]} {[%emt 00:01:52]} 18. exf4
{[%clk 00:01:40]} {[%emt 00:00:17]} gxf4 {[%clk 01:15:53]} {[%emt 00:01:00]}
19. d5 {[%clk 00:01:06]} {[%emt 00:01:05]} Kh8 {[%clk 01:10:16]} {[%emt
00:06:06]} 20. Qd3 {[%clk 00:00:49]} {[%emt 00:00:43]} Ng5 {[%clk 01:08:06]}
{[%emt 00:02:44]} 21. Nxg5 {[%clk 00:00:38]} {[%emt 00:00:42]} Qxg5 {[%clk
01:08:25]} {[%emt 00:00:10]} 22. dxe6 {[%clk 00:00:35]} {[%emt 00:00:33]} Bxg2
{[%clk 01:07:21]} {[%emt 00:01:34]} 23. Kxg2 {[%clk 00:00:58]} {[%emt
00:00:07]} f3+ {[%clk 01:07:03]} {[%emt 00:00:48]} 24. Kg1 {[%clk 00:01:18]}
{[%emt 00:00:09]} Qh6 {[%clk 01:04:27]} {[%emt 00:03:04]} 25. e7 {[%clk
00:01:11]} {[%emt 00:00:40]} Rf6 {[%clk 01:02:11]} {[%emt 00:02:43]} 26. Re1
{[%clk 00:00:43]} {[%emt 00:01:01]} Re8 {[%clk 01:01:45]} {[%emt 00:00:55]} 27.
Rcd1 {[%clk 00:00:38]} {[%emt 00:00:37]} Kg7 {[%clk 01:01:17]} {[%emt
00:00:57]} 28. h4 {[%clk 00:00:36]} {[%emt 00:00:32]} Rf7 {[%clk 00:57:04]}
{[%emt 00:04:42]} 29. Qd4+ {[%clk 00:00:42]} {[%emt 00:00:24]} Kg8 {[%clk
00:54:52]} {[%emt 00:02:43]} 30. Qd5 {[%clk 00:00:37]} {[%emt 00:00:35]} Qf6
{[%clk 00:54:32]} {[%emt 00:00:50]} 31. Qd4 {[%clk 00:00:34]} {[%emt 00:00:33]}
Qxd4 {[%clk 00:50:41]} {[%emt 00:04:21]} 32. Rxd4 {[%clk 00:01:00]} {[%emt
00:00:05]} Rfxe7 {[%clk 00:49:29]} {[%emt 00:01:41]} 33. Rxe7 {[%clk 00:01:17]}
{[%emt 00:00:14]} Rxe7 {[%clk 00:49:54]} {[%emt 00:00:05]} 34. Rf4 {[%clk
00:00:43]} {[%emt 00:01:02]} Rf7 {[%clk 00:49:57]} {[%emt 00:00:27]} 35. Re4
{[%clk 00:00:39]} {[%emt 00:00:34]} Kg7 {[%clk 00:47:05]} {[%emt 00:03:22]} 36.
Re3 {[%clk 00:00:40]} {[%emt 00:00:29]} Rf5 {[%clk 00:45:19]} {[%emt 00:02:16]}
37. Re7+ {[%clk 00:00:38]} {[%emt 00:00:34]} Rf7 {[%clk 00:45:31]} {[%emt
00:00:17]} 38. Re3 {[%clk 00:01:00]} {[%emt 00:00:08]} Rf5 {[%clk 00:45:38]}
{[%emt 00:00:23]} 39. Kf1 {[%clk 00:00:36]} {[%emt 00:00:55]} Kf6 {[%clk
00:45:39]} {[%emt 00:00:28]} 40. Kg1 {[%clk 00:00:33]} {[%emt 00:00:33]} a6
{[%clk 00:43:08]} {[%emt 00:03:01]} 41. Kh2 {[%clk 00:08:19]} {[%emt 00:22:44]}
c5 {[%clk 01:10:00]} {[%emt 00:03:38]} 42. a3 {[%clk 00:05:59]} {[%emt
00:02:50]} b5 {[%clk 01:08:58]} {[%emt 00:01:32]} 43. cxb5 {[%clk 00:03:32]}
{[%emt 00:02:58]} axb5 {[%clk 01:08:42]} {[%emt 00:00:45]} 44. bxc5 {[%clk
00:02:17]} {[%emt 00:01:45]} dxc5 {[%clk 01:08:47]} {[%emt 00:00:25]} 45. g4
{[%clk 00:02:04]} {[%emt 00:00:44]} Rd5 {[%clk 01:05:13]} {[%emt 00:04:02]} 46.
Kg3 {[%clk 00:02:10]} {[%emt 00:00:23]} c4 {[%clk 01:03:42]} {[%emt 00:02:02]}
47. Kxf3 {[%clk 00:02:13]} {[%emt 00:00:28]} Rd4 {[%clk 01:02:12]} {[%emt
00:01:58]} 48. Re4 {[%clk 00:00:48]} {[%emt 00:01:57]} Rd3+ {[%clk 01:02:05]}
{[%emt 00:00:36]} 49. Re3 {[%clk 00:01:14]} {[%emt 00:00:06]} Rb3 {[%clk
01:01:30]} {[%emt 00:01:02]} 50. Ke2 {[%clk 00:00:41]} {[%emt 00:01:06]} c3
{[%clk 01:01:08]} {[%emt 00:00:51]} 51. Rf3+ {[%clk 00:00:40]} {[%emt
00:00:31]} Kg6 {[%clk 01:00:53]} {[%emt 00:00:44]} 52. Rf5 {[%clk 00:00:36]}
{[%emt 00:00:35]} Rxa3 {[%clk 00:58:35]} {[%emt 00:02:47]} 53. Rxb5 {[%clk
00:01:00]} {[%emt 00:00:07]} Ra2+ {[%clk 00:58:32]} {[%emt 00:00:32]} 54. Ke3
{[%clk 00:01:06]} {[%emt 00:00:26]} c2 {[%clk 00:56:32]} {[%emt 00:02:29]} 55.
Rg5+ {[%clk 00:01:18]} {[%emt 00:00:18]} Kf6 {[%clk 00:56:14]} {[%emt
00:00:46]} 56. Rf5+ {[%clk 00:01:41]} {[%emt 00:00:09]} Kg6 {[%clk 00:56:19]}
{[%emt 00:00:24]} 57. Kd2 {[%clk 00:01:45]} {[%emt 00:00:26]} h6 {[%clk
00:52:30]} {[%emt 00:04:19]} 58. f3 {[%clk 00:01:43]} {[%emt 00:00:33]} c1=Q+
{[%clk 00:47:48]} {[%emt 00:05:12]} 59. Kxc1 {[%clk 00:02:08]} {[%emt
00:00:05]} Rf2 {[%clk 00:47:54]} {[%emt 00:00:21]} 60. Kd1 {[%clk 00:01:31]}
{[%emt 00:01:09]} h5 {[%clk 00:47:15]} {[%emt 00:01:09]} 61. Rxh5 {[%clk
00:01:16]} {[%emt 00:00:46]} Rxf3 {[%clk 00:47:25]} {[%emt 00:00:55]} 62. Ke2
{[%clk 00:01:24]} {[%emt 00:00:23]} Ra3 {[%clk 00:47:01]} {[%emt 00:00:53]} 63.
Re5 {[%clk 00:01:18]} {[%emt 00:00:33]} Rb3 {[%clk 00:46:43]} {[%emt 00:00:51]}
64. Re3 {[%clk 00:01:29]} {[%emt 00:00:19]} Rb4 {[%clk 00:45:42]} {[%emt
00:01:31]} 65. Kf3 {[%clk 00:01:51]} {[%emt 00:00:08]} Kf6 {[%clk 00:44:36]}
{[%emt 00:01:35]} 66. Re4 {[%clk 00:01:20]} {[%emt 00:01:02]} Rb3+ {[%clk
00:43:58]} {[%emt 00:01:08]} 67. Kf4 {[%clk 00:01:29]} {[%emt 00:00:20]} Rh3
{[%clk 00:44:00]} {[%emt 00:00:29]} 68. g5+ {[%clk 00:01:35]} {[%emt 00:00:25]}
Kg6 {[%clk 00:44:08]} {[%emt 00:00:21]} 69. Kg4 {[%clk 00:01:54]} {[%emt
00:00:11]} Rh1 {[%clk 00:44:09]} {[%emt 00:00:29]} 70. Re6+ {[%clk 00:01:50]}
{[%emt 00:00:35]} Kg7 {[%clk 00:44:18]} {[%emt 00:00:19]} 71. Kh5 {[%clk
00:02:02]} {[%emt 00:00:18]} Rh2 {[%clk 00:44:01]} {[%emt 00:00:47]} 72. Re7+
{[%clk 00:02:17]} {[%emt 00:00:16]} Kf8 {[%clk 00:44:15]} {[%emt 00:00:15]} 73.
Rb7 {[%clk 00:02:14]} {[%emt 00:00:33]} Rh1 {[%clk 00:44:15]} {[%emt 00:00:30]}
74. g6 {[%clk 00:02:33]} {[%emt 00:00:11]} Kg8 {[%clk 00:44:15]} {[%emt
00:00:30]} 75. Kg5 {[%clk 00:01:44]} {[%emt 00:01:19]} Rh2 {[%clk 00:44:05]}
{[%emt 00:00:39]} 76. h5 {[%clk 00:02:07]} {[%emt 00:00:08]} Kf8 {[%clk
00:43:50]} {[%emt 00:00:44]} 77. Kh6 {[%clk 00:02:05]} {[%emt 00:00:33]} Rh1
{[%clk 00:43:40]} {[%emt 00:00:39]} 78. g7+ {[%clk 00:02:25]} {[%emt 00:00:11]}
Kg8 {[%clk 00:43:58]} {[%emt 00:00:12]} 79. Rb8+ {[%clk 00:02:49]} {[%emt
00:00:07]} 1-0